| 000 | 01149nam a22003377a 4500 | ||
|---|---|---|---|
| 003 | CHAP | ||
| 005 | 20220329134116.0 | ||
| 008 | 971013s1944 r 00010 d | ||
| 010 | _a15498 | ||
| 011 | _a16470 | ||
| 035 | _a20549 | ||
| 040 | _cCHAP | ||
| 090 | _aFolleto 1328 | ||
| 100 | 0 | 0 |
_aBertelli, Julio C. _912002 |
| 245 | _aNotas fitopatológicas | ||
| 260 |
_aMontevideo : _bImprenta Nacional, _c1944 |
||
| 300 |
_a25 p. _b: ilus. ; lams. |
||
| 490 |
_aLaboratorio de fisiología y patología vegetal _v; 70 |
||
| 500 | _a1er. agregado a la lista de "Enfermedades y plagas principales de la agricultura uruguaya" | ||
| 590 |
_aBATCH-UPD _b10 _c20130110 _lUCH01 _h0104 |
||
| 590 |
_aBATCH-UPD _b10 _c20130110 _lUCH01 _h1141 |
||
| 590 |
_aBATCH-UPD _b10 _c20130410 _lUCH01 _h0727 |
||
| 590 |
_aBATCH-UPD _b10 _c20130914 _lUCH01 _h0022 |
||
| 590 |
_aCONVERSION _b10 _c20130109 _lUCH01 _h1310 |
||
| 650 | 1 | 4 |
_aAgricultura _xPlagas. _91764 |
| 650 | 1 | 4 |
_aFitopatología. _941161 |
| 830 | 0 |
_aLaboratorio de fisiología y patología vegetal _v; 70 _964282 |
|
| 901 | _aBK | ||
| 942 | _cFOLL | ||
| 949 |
_aFolleto 1328 _bBC _cFOLL _d-47888 _eTS1 _i20549 _si |
||
| 999 |
_c15498 _d15498 |
||